00814cam a22002531a 4500001001300000003000400013005001700017008004100034010001700075035001900092040005000111041001300161042001200174043001200186050004600198110001700244240004700261245005500308260010500363300002000468651003100488710002400519999001700543pa 66000112 DLC20260227111857.0770103s1966 dcu i000 0 eng  apa 66000112  a(OCoLC)2658479 aDLCcKUdOCoLCdNICdOrPSdMoSU-LdOCoLCdDLC1 aenghspa apremarc ances---00aLAW 1 aEl Salvador.10aConstitución política (1962).lEnglish10aConstitution of the Republic of El Salvador, 1962. aWashington, D.C. :bPan American Union, General Secretariat, Organization of American States,c1966. a40 p. ;c28 cm. 0aEl SalvadorxConstitution.2 aPan American Union. c51593d51593